Una figura carismática del siglo XIX (Registro nro. 63846)
[ vista simple ]
| 000 -LEADER | |
|---|---|
| campo de control de longitud fija | 00556nam a2200157 i 4500 |
| 001 - NÚMERO DE CONTROL | |
| campo de control | 63846 |
| 003 - IDENTIFICADOR DE NÚMERO DE CONTROL | |
| campo de control | ES-MaACL |
| 005 - FECHA Y HORA DE LA ÚLTIMA TRANSACCIÓN | |
| campo de control | 20230906165001.0 |
| 007 - CAMPO FIJO DE DESCRIPCIÓN FÍSICA--INFORMACIÓN GENERAL | |
| campo de control de longitud fija | t| |
| 008 - DATOS DE LONGITUD FIJA--INFORMACIÓN GENERAL | |
| campo de control de longitud fija | 031217s1973 sp ||||1| spa d |
| 245 04 - MENCIÓN DEL TÍTULO | |
| Título | Una figura carismática del siglo XIX |
| Resto del título | : Francisco Palau y Quer, O.C. D. apostol y fundador : en el centenario de su muerte 1872-1972 / |
| Mención de responsabilidad, etc. | [presentación, Eulogio Pacho]. |
| 260 ## - PUBLICACIÓN, DISTRIBUCIÓN, ETC. | |
| Lugar de publicación, distribución, etc. | [S.l. : |
| Nombre del editor, distribuidor, etc. | s.n., |
| Fecha de publicación, distribución, etc. | 1973] |
| 300 ## - DESCRIPCIÓN FÍSICA | |
| Extensión | VIII, 668 p. : |
| Otras características físicas | retr. aut. ; |
| Dimensiones | 24 cm. |
| 700 1# - ENTRADA AGREGADA--NOMBRE PERSONAL | |
| Nombre de persona | Pacho, Eulogio. |
| 9 (RLIN) | 88144 |
| 852 ## - LOCALIZACIÓN | |
| Ubicación | ES-MaACL |
| Número de control de estantería | C-51978 |
| Sublocalización o colección | R.85696 |
| Estatus retirado | Estado de pérdida | Estado de daño | No para préstamo | Biblioteca de origen | Biblioteca actual | Ubicación en estantería | Fecha de adquisición | Fuente de adquisición | Total de préstamos | Signatura topográfica completa | Código de barras | Visto por última vez | Precio de reemplazo | Tipo de ítem Koha |
|---|---|---|---|---|---|---|---|---|---|---|---|---|---|---|
| Biblioteca del Ateneo de Madrid | Biblioteca del Ateneo de Madrid | Depósito 2 | 17/01/2008 | C-51978 | 1066910 | 23/02/2023 | 23/02/2023 | Libro impreso |
